Stanley Cup Finals: Game 7 Scorers since 2000 - Statistics

General Stats
  • This quiz has been taken 8 times
  • The average score is 12 of 26
Answer Stats
Time Assisted by Answer % Correct
Patrice Bergeron
100%
Patrice Bergeron
100%
16:47, 1st Period Jay Bouwmeester, Alex Pietrangelo Ryan O'Reilly
100%
Brad Marchand
88%
Brad Marchand
88%
Joe Sakic
88%
19:52, 1st Period Jaden Schwartz Alex Pietrangelo
75%
Alex Tanguay
63%
Alex Tanguay
63%
Justin Williams
63%
Mike Rupp
63%
11:25, 3rd Period Vladimir Tarasenko, Jaden Schwartz Brayden Schenn
38%
Craig Conroy
38%
Fernando Pisani
38%
Maxime Talbot
25%
Maxime Talbot
25%
Petr Sykora
25%
Ruslan Fedotenko
25%
Ruslan Fedotenko
25%
Aaron Ward
13%
Frantisek Kaberle
13%
15:25, 3rd Period David Perron, Ryan O'Reilly Zach Sanford
13%
Jeff Freisen
0%
Jeff Freisen
0%
Jonathan Ericsson
0%
17:50, 3rd Period David Krejci Matt Grzelcyk
0%
No matching quizzes found
Score Distribution
Percent of People with Each Score
Percentile by Number Answered
Your Score History
You have not taken this quiz